书目信息 |
| 题名: |
砌体材料与结构
|
|
| 作者: | 张大力 主编 | |
| 分册: | Ⅱ | |
| 出版信息: | 南京 江苏科学技术出版社 2015.03 |
|
| 页数: | 279页 | |
| 开本: | 31cm | |
| 丛书名: | ||
| 单 册: | ||
| 中图分类: | TU522-64 , TU360.4-64 | |
| 科图分类: | ||
| 主题词: | 砌体结构--墙体材料--世界--图集 , 砌体结构--结构设计--世界--图集 | |
| 电子资源: | ||
| ISBN: | 978-7-5345-8911-9 | |
| 000 | 01173nam0 2200277 450 | |
| 001 | 0120151510320 | |
| 005 | 20170327104231.98 | |
| 010 | @a978-7-5345-8911-9@b精装@dCNY298.00,USD48.00 | |
| 100 | @a20150227d2015 em y0chiy50 ea | |
| 101 | 0 | @achi@aeng |
| 102 | @aCN@b320000 | |
| 105 | @aaf z 000yy | |
| 106 | @ar | |
| 200 | 1 | @a砌体材料与结构@9qi ti cai liao yu jie gou@hⅡ@dMasonry material and structure@hⅡ@f张大力主编@zeng |
| 210 | @a南京@c江苏科学技术出版社@d2015.03 | |
| 215 | @a279页@c图,照片@d31cm | |
| 330 | @a本书提出高强轻质的砌体材料、节能环保的新型材料、配筋砌体和预应力砌体三个发展趋势,并以案例形式进行详细解读,通过高清实景图、平面图、建筑结构技术图、剖面图、手绘图以及精辟的文字讲解详尽介绍这些成功案例和设计思路。每个项目都包括建筑设计、结构设计、材料运用、亮点设计等内容。 | |
| 333 | @a建筑工程技术人员,高校相关专业师生 | |
| 510 | 1 | @aMasonry material and structure@hⅡ@zeng |
| 606 | 0 | @a砌体结构@x墙体材料@y世界@j图集 |
| 606 | 0 | @a砌体结构@x结构设计@y世界@j图集 |
| 690 | @aTU522-64@v5 | |
| 690 | @aTU360.4-64@v5 | |
| 701 | 0 | @a张大力@9zhang da li@4主编 |
| 801 | 0 | @aCN@b人天书店@c20150227 |
| 905 | @b983137-39@dTU522-64@e931:2@f3 | |
| 砌体材料与结构.Ⅱ=Masonry material and structure.Ⅱ/张大力主编.-南京:江苏科学技术出版社,2015.03 |
| 279页:图,照片;31cm |
| 使用对象:建筑工程技术人员,高校相关专业师生 |
| ISBN 978-7-5345-8911-9(精装):CNY298.00,USD48.00 |
| 本书提出高强轻质的砌体材料、节能环保的新型材料、配筋砌体和预应力砌体三个发展趋势,并以案例形式进行详细解读,通过高清实景图、平面图、建筑结构技术图、剖面图、手绘图以及精辟的文字讲解详尽介绍这些成功案例和设计思路。每个项目都包括建筑设计、结构设计、材料运用、亮点设计等内容。 |
| ● |
| 相关链接 |
|
|
|
|
正题名:砌体材料与结构
索取号:TU522-64/931:2
 
预约/预借
| 序号 | 登录号 | 条形码 | 馆藏地/架位号 | 状态 | 备注 |
| 1 | 983137 | 209831379 | 第二样本阅览室/ [索取号:TU522-64/931:2] | 在馆 | |
| 2 | 983138 | 209831388 | 第三借阅区/ [索取号:TU522-64/931:2] | 在馆 | |
| 3 | 983139 | 209831397 | 密集书库-美术系/ [索取号:TU522-64/931:2] | 在馆 |